000
00446nam a2200157Ia 4500
008
220531s9999 xx 000 0 und d
041
_a
mar
100
_a
लांजेवार ज्योती.
_9
52426
245
_a
भारतीय समाज आणि स्त्री
260
_b
Sugava
_c
2005
300
_a
204
542
_d
18-02-2009
650
_a
Sociology
_9
52427
906
_d
2008-2009
999
_c
30432
_d
30432